[Event "Avoine op 21th"]
[Site "Avoine"]
[Date "2006.07.25"]
[Round "4"]
[White "Gerard, Nicolas"]
[Black "Druon, Roger"]
[Result "1-0"]
[WhiteElo "2314"]
[BlackElo "2148"]
[PlyCount "91"]
[EventDate "2006.07.22"]
[EventType "swiss"]
[EventRounds "9"]
[EventCountry "FRA"]
[SourceTitle "EXT 2007"]
[Source "ChessBase"]
[SourceDate "2006.11.23"]
[SourceVersion "1"]
[SourceVersionDate "2006.11.23"]
[SourceQuality "1"]

1. d4 Nf6 2. c4 g6 3. Nc3 Bg7 4. e4 d6 5. f4 0-0 6. Nf3 Na6 7. Bd3 e5 8. fxe5 dxe5 9. d5 Nh5 10. 0-0 Qe7 11. Re1 Bg4 12. h3 Bxf3 13. Qxf3 Bf6 14. Bh6 Rfd8 15. Rf1 Rd7 16. Bc2 Nf4 17. Ba4 Rdd8 18. Qg4 Nc5 19. Bc2 a5 20. Kh1 Qd7 21. a3 a4 22. Rf3 Qxg4 23. hxg4 Bg7 24. Bg5 Re8 25. Kh2 h6 26. Bh4 g5 27. Bf2 Bf8 28. Rf1 Nd7 29. Bxa4 Re7 30. Bb5 Nf6 31. Bc5 Nxg4+ 32. Kh1 f6 33. Bxe7 Bxe7 34. g3 Ng6 35. Bd7 h5 36. c5 Nf8 37. Bxg4 hxg4 38. Rd3 Nd7 39. c6 Nc5 40. Rdd1 Kg7 41. b4 Nb3 42. Nb5 bxc6 43. dxc6 Nd4 44. Nxd4 exd4 45. Rxd4 Bd6 46. Rxd6 1-0

[Event "Rochefort op 5th"]
[Site "Rochefort"]
[Date "2006.02.15"]
[Round "6"]
[White "Manolache, Marius"]
[Black "Druon, Roger"]
[Result "1/2-1/2"]
[WhiteElo "2488"]
[BlackElo "2149"]
[PlyCount "116"]
[EventDate "2006.02.15"]
[EventType "swiss"]
[EventRounds "9"]
[EventCountry "FRA"]
[SourceTitle "EXT 2007"]
[Source "ChessBase"]
[SourceDate "2006.11.23"]
[SourceVersion "1"]
[SourceVersionDate "2006.11.23"]
[SourceQuality "1"]

1. d4 Nf6 2. Nf3 g6 3. c4 Bg7 4. Nc3 d6 5. Bg5 0-0 6. e3 Nbd7 7. Qc2 e5 8. Rd1 Re8 9. Be2 c6 10. 0-0 Qc7 11. Bh4 Nf8 12. Qa4 e4 13. Nd2 Bf5 14. Bg3 Qe7 15. Qa3 Red8 16. Rfe1 Nh5 17. b4 Nxg3 18. hxg3 h5 19. b5 Nd7 20. bxc6 bxc6 21. Qa6 Nb6 22. Qa5 c5 23. Nb3 Rdc8 24. Nb5 cxd4 25. N3xd4 Bg4 26. Bxg4 hxg4 27. Rc1 Nxc4 28. Qa6 Bxd4 29. Nxd4 d5 30. Red1 Rc5 31. Nb3 Rc7 32. Rxd5 Nb6 33. Rxc7 Qxc7 34. Rc5 Qd6 35. Qe2 Nd7 36. Rc4 Nf6 37. Qc2 Rd8 38. Rd4 Qb6 39. Rc4 Qd6 40. Nd4 Kg7 41. Rc7 Rd7 42. Rc5 Rb7 43. Rc8 Qb4 44. Kh2 Rb8 45. Ne6+ Kh6 46. a3 Qd6 47. Rxb8 Qxb8 48. Qc3 Qh8 49. Nc7 Kg7+ 50. Kg1 Qd8 51. Qe5 Qd7 52. a4 Qxa4 53. Kh2 Qd7 54. Kg1 Qd1+ 55. Kh2 Qd7 56. Kg1 Qd1+ 57. Kh2 Qd7 58. Kg1 Qd1+ 1/2-1/2

[Event "FRA-chT2 0405"]
[Site "France"]
[Date "2005.02.06"]
[Round "7.4"]
[White "Roumegous, Marina"]
[Black "Druon, Roger"]
[Result "1/2-1/2"]
[WhiteElo "2163"]
[BlackElo "2137"]
[PlyCount "120"]
[EventDate "2004.10.10"]
[EventType "team"]
[EventRounds "11"]
[EventCountry "FRA"]
[SourceTitle "EXT 2006"]
[Source "ChessBase"]
[SourceDate "2005.11.24"]
[SourceVersion "1"]
[SourceVersionDate "2005.11.24"]
[SourceQuality "1"]
[WhiteTeam "Evry II"]
[BlackTeam "Poitiers"]
[WhiteTeamCountry "FRA"]
[BlackTeamCountry "FRA"]

1. d4 Nf6 2. Nf3 c5 3. e3 g6 4. Be2 Bg7 5. 0-0 cxd4 6. exd4 0-0 7. c3 d5 8. Nbd2 Nc6 9. Re1 Bf5 10. Nf1 Ne4 11. Ne3 Bc8 12. Qb3 e6 13. Nf1 Qc7 14. Ng5 Nxg5 15. Bxg5 Na5 16. Qd1 Re8 17. Ne3 h6 18. Bh4 Bd7 19. Ng4 g5 20. Bg3 Qd8 21. Ne5 Nc6 22. Bh5 Rf8 23. Nd3 Ne7 24. Be5 Nf5 25. Bg4 f6 26. Bg3 Nxg3 27. hxg3 f5 28. Be2 Qc7 29. Qb3 Rae8 30. Nc5 Bc8 31. Nd3 Kh8 32. Bh5 Re7 33. Ne5 Bxe5 34. Rxe5 Rg7 35. Be2 g4 36. Qd1 Qd8 37. Qd2 Qg5 38. Qf4 Qxf4 39. gxf4 h5 40. g3 h4 41. gxh4 Rh7 42. Kg2 Rxh4 43. Rh1 Rxh1 44. Kxh1 Kg7 45. Kg2 Kf6 46. Re3 Bd7 47. f3 gxf3+ 48. Rxf3 Rg8+ 49. Rg3 Rxg3+ 50. Kxg3 Ba4 51. b3 Bc6 52. Kf2 Be8 53. Ke3 Ke7 54. c4 Bc6 55. c5 b6 56. b4 b5 57. Kd2 Kd7 58. a4 a6 59. axb5 axb5 60. Ke3 Ke7 1/2-1/2

[Event "Rochefort op 4th"]
[Site "Rochefort"]
[Date "2005.??.??"]
[Round "6"]
[White "Bonn, Thomas"]
[Black "Druon, Roger"]
[Result "1/2-1/2"]
[WhiteElo "1998"]
[BlackElo "2137"]
[PlyCount "69"]
[EventDate "2005.02.16"]
[EventType "swiss"]
[EventRounds "7"]
[EventCountry "FRA"]
[SourceTitle "EXT 2006"]
[Source "ChessBase"]
[SourceDate "2005.11.24"]
[SourceVersion "1"]
[SourceVersionDate "2005.11.24"]
[SourceQuality "1"]

1. e4 c5 2. Nc3 Nc6 3. g3 g6 4. Bg2 Bg7 5. d3 d6 6. Be3 e5 7. Qd2 Nge7 8. Bh6 Bxh6 9. Qxh6 Ng8 10. Qd2 Nf6 11. Nge2 0-0 12. 0-0 Nd4 13. f4 Kg7 14. h3 Bd7 15. Nd1 Qe7 16. Ne3 Nxe2+ 17. Qxe2 Bc6 18. f5 Rad8 19. h4 h6 20. Ng4 Nxg4 21. Qxg4 Kh7 22. c4 Bd7 23. Qe2 Qf6 24. Bh3 g5 25. h5 Rg8 26. Bg4 Rb8 27. a4 b6 28. Qd2 Qd8 29. b4 cxb4 30. Qxb4 Qc7 31. Rfb1 a5 32. Qd2 f6 33. Kf2 Rb7 34. Qe3 Rgb8 35. Bd1 1/2-1/2

[Event "Rochefort op 4th"]
[Site "Rochefort"]
[Date "2005.??.??"]
[Round "4"]
[White "Mace, Emmanuel"]
[Black "Druon, Roger"]
[Result "0-1"]
[WhiteElo "1962"]
[BlackElo "2137"]
[PlyCount "58"]
[EventDate "2005.02.16"]
[EventType "swiss"]
[EventRounds "7"]
[EventCountry "FRA"]
[SourceTitle "EXT 2006"]
[Source "ChessBase"]
[SourceDate "2005.11.24"]
[SourceVersion "1"]
[SourceVersionDate "2005.11.24"]
[SourceQuality "1"]

1. e4 c5 2. Nc3 Nc6 3. f4 g6 4. Nf3 Bg7 5. Bb5 Nd4 6. 0-0 Nxb5 7. Nxb5 Nf6 8. d3 0-0 9. c4 d6 10. Nh4 Bd7 11. Na3 a6 12. Rb1 b5 13. b3 b4 14. Nc2 a5 15. Qe1 a4 16. f5 axb3 17. axb3 Ra2 18. Ne3 Bc6 19. g4 Nxe4 20. dxe4 Bc3 21. Qg3 Bxe4 22. Nd5 Be5 23. Bf4 g5 24. Bxg5 Bxg3 25. hxg3 f6 26. Bh6 Bxd5 27. cxd5 Re8 28. g5 Qa8 29. Rfd1 Ra6 0-1

[Event "FRA-chT2 0304"]
[Site "France"]
[Date "2004.02.01"]
[Round "7"]
[White "Druon, Roger"]
[Black "Passager, Jean Pierre"]
[Result "1-0"]
[WhiteElo "2177"]
[BlackElo "2251"]
[PlyCount "85"]
[EventDate "2003.10.??"]
[EventType "team"]
[EventRounds "11"]
[EventCountry "FRA"]
[SourceTitle "EXT 2005"]
[Source "ChessBase"]
[SourceDate "2004.11.15"]
[SourceVersion "1"]
[SourceVersionDate "2004.11.15"]
[SourceQuality "1"]
[WhiteTeam "Poitiers Buxerolles"]
[BlackTeam "Bordeaux Echecs II"]
[WhiteTeamCountry "FRA"]
[BlackTeamCountry "FRA"]

1. d4 d5 2. c4 e6 3. Nc3 Be7 4. Nf3 Nf6 5. g3 0-0 6. Bg2 dxc4 7. 0-0 c5 8. dxc5 Qa5 9. Qd4 Nc6 10. Qxc4 Qxc5 11. Qxc5 Bxc5 12. Bg5 Be7 13. Rfd1 h6 14. Bf4 Bd7 15. Ne5 Nxe5 16. Bxe5 Bc6 17. Bxc6 bxc6 18. Bd6 Bxd6 19. Rxd6 Rfd8 20. Rad1 Rxd6 21. Rxd6 Rc8 22. e4 Kf8 23. f3 Ke7 24. Rd4 Nd7 25. Kf2 Nb6 26. Ke2 c5 27. Rd2 c4 28. Ke3 Rc6 29. h4 a6 30. f4 f6 31. h5 Rc5 32. g4 Rc6 33. Rd1 Rd6 34. e5 Rxd1 35. Nxd1 fxe5 36. fxe5 Kd7 37. Kd4 Kc6 38. Nc3 Nd7 39. Ne4 Kb5 40. Nd6+ Kb4 41. Nxc4 Nb8 42. Nd6 Nc6+ 43. Ke4 1-0

[Event "FRA-chT2 0304"]
[Site "France"]
[Date "2004.01.17"]
[Round "5"]
[White "Loiret, Stanislas"]
[Black "Druon, Roger"]
[Result "1-0"]
[WhiteElo "2265"]
[BlackElo "2177"]
[PlyCount "21"]
[EventDate "2003.10.??"]
[EventType "team"]
[EventRounds "11"]
[EventCountry "FRA"]
[SourceTitle "EXT 2005"]
[Source "ChessBase"]
[SourceDate "2004.11.15"]
[SourceVersion "1"]
[SourceVersionDate "2004.11.15"]
[SourceQuality "1"]

1. d4 Nf6 2. c4 e6 3. Nc3 Bb4 4. Qc2 d5 5. Nf3 Nc6 6. Bg5 h6 7. Bh4 0-0 8. e3 dxc4 9. Bxc4 Qe7 10. 0-0 e5 11. Nd5 1-0

[Event "Pierrevert op"]
[Site "Pierrevert"]
[Date "2004.??.??"]
[Round "?"]
[White "Druon, Roger"]
[Black "Janssen, Gerard"]
[Result "1-0"]
[WhiteElo "2177"]
[BlackElo "1670"]
[PlyCount "55"]
[EventDate "2004.??.??"]
[EventType "swiss (rapid)"]
[EventRounds "9"]
[EventCountry "FRA"]
[SourceTitle "EXT 2005"]
[Source "ChessBase"]
[SourceDate "2004.11.15"]
[SourceVersion "1"]
[SourceVersionDate "2004.11.15"]
[SourceQuality "1"]

1. d4 Nf6 2. c4 c5 3. d5 e6 4. Nc3 exd5 5. cxd5 d6 6. e4 g6 7. Nf3 Bg7 8. Be2 0-0 9. 0-0 Ne8 10. Bg5 f6 11. Bf4 f5 12. e5 dxe5 13. Bxe5 Nf6 14. Bc4 Kh8 15. Re1 a6 16. a4 Nbd7 17. Bd6 Re8 18. Ng5 Qb6 19. Qd3 Kg8 20. Be7 h6 21. d6+ Kh8 22. Ne6 Ne4 23. Nxg7 Rxe7 24. dxe7 Ndf6 25. e8Q+ Nxe8 26. Nxe8 Be6 27. Bxe6 Qxe6 28. Nc7 1-0

[Event "Pierrevert op"]
[Site "Pierrevert"]
[Date "2004.??.??"]
[Round "?"]
[White "Reverchon, Jean Noel"]
[Black "Druon, Roger"]
[Result "1-0"]
[WhiteElo "1910"]
[BlackElo "2177"]
[PlyCount "57"]
[EventDate "2004.??.??"]
[EventType "swiss (rapid)"]
[EventRounds "9"]
[EventCountry "FRA"]
[SourceTitle "EXT 2005"]
[Source "ChessBase"]
[SourceDate "2004.11.15"]
[SourceVersion "1"]
[SourceVersionDate "2004.11.15"]
[SourceQuality "1"]

1. d4 Nf6 2. c4 e6 3. Bg5 Bb4+ 4. Nc3 h6 5. Bh4 0-0 6. Qc2 d6 7. e3 Nbd7 8. Bd3 e5 9. Nge2 Re8 10. 0-0 Bxc3 11. Nxc3 b6 12. Bh7+ Kh8 13. Be4 Rb8 14. Bc6 Rg8 15. f4 Bb7 16. Bxb7 Rxb7 17. fxe5 dxe5 18. Bxf6 gxf6 19. Qe4 Rb8 20. dxe5 Nxe5 21. Qh4 Rg6 22. Nd5 Kg7 23. h3 c6 24. Nf4 Rg5 25. Nh5+ Kg6 26. Ng3 Qd3 27. Qf4 Rg8 28. Ne4 Qxc4 29. Nxg5 1-0

[Event "FRA-chT2 0304"]
[Site "France"]
[Date "2003.11.16"]
[Round "3"]
[White "Chabradze, Boris"]
[Black "Druon, Roger"]
[Result "1-0"]
[WhiteElo "2134"]
[BlackElo "2177"]
[PlyCount "99"]
[EventDate "2003.10.??"]
[EventType "team"]
[EventRounds "11"]
[EventCountry "FRA"]
[SourceTitle "EXT 2005"]
[Source "ChessBase"]
[SourceDate "2004.11.15"]
[SourceVersion "1"]
[SourceVersionDate "2004.11.15"]
[SourceQuality "1"]
[WhiteTeam "Nantes"]
[BlackTeam "Poitiers Buxerolles"]
[WhiteTeamCountry "FRA"]
[BlackTeamCountry "FRA"]

1. e4 c5 2. Nf3 e6 3. d4 cxd4 4. Nxd4 Nc6 5. Nc3 Qc7 6. Be3 a6 7. Qd2 Nf6 8. Be2 Bb4 9. f3 d5 10. Nxc6 bxc6 11. a3 Bd6 12. g4 0-0 13. g5 Nh5 14. 0-0-0 Bf4 15. Bd3 d4 16. Bxf4 Nxf4 17. Ne2 Nxe2+ 18. Bxe2 e5 19. f4 exf4 20. Qxd4 f3 21. Bc4 Qf4+ 22. Kb1 Bh3 23. Bf1 Bg4 24. h4 Rfe8 25. e5 Qxd4 26. Rxd4 Bf5 27. Bd3 Rxe5 28. Rf1 f2 29. Bxf5 Rxf5 30. Rd2 Kf8 31. Rfxf2 Rxf2 32. Rxf2 Rd8 33. Rf4 Rd5 34. Rc4 c5 35. Ka2 Ke7 36. Kb3 Kd6 37. Ka4 Kc6 38. Ka5 Kb7 39. Rf4 Rd7 40. Rf5 Rc7 41. c4 Ka7 42. h5 Rb7 43. b4 cxb4 44. axb4 Rc7 45. c5 Kb7 46. Rd5 f6 47. gxf6 gxf6 48. Rd6 Rc6 49. Rxc6 Kxc6 50. Kxa6 1-0

[Event "FRA-chT2"]
[Site "France"]
[Date "2002.03.??"]
[Round "11.5"]
[White "Druon, Roger"]
[Black "Ballester, Alexandre"]
[Result "1-0"]
[WhiteElo "2166"]
[BlackElo "2110"]
[PlyCount "97"]
[EventDate "2002.??.??"]
[EventType "team"]
[EventRounds "11"]
[EventCountry "FRA"]
[SourceTitle "EXT 2003"]
[Source "ChessBase"]
[SourceDate "2002.11.25"]
[SourceVersion "1"]
[SourceVersionDate "2002.11.25"]
[SourceQuality "1"]

1. d4 d5 2. c4 c6 3. e3 Nf6 4. Nc3 e6 5. Nf3 Nbd7 6. Bd3 dxc4 7. Bxc4 b5 8. Bd3 Bb7 9. 0-0 b4 10. Ne4 Be7 11. Nxf6+ Nxf6 12. Qe2 0-0 13. e4 c5 14. dxc5 Nd7 15. c6 Bxc6 16. Bf4 Qa5 17. Rfc1 Nc5 18. Nd4 Nxd3 19. Nxc6 Nxf4 20. Nxe7+ Kh8 21. Qf3 Ng6 22. Nc6 Qb5 23. Qb3 Nf4 24. Qc4 Qg5 25. g3 Rac8 26. h4 Qg4 27. e5 Ne2+ 28. Kg2 Qxc4 29. Rxc4 Nd4 30. Rxd4 Rxc6 31. Rxb4 Rfc8 32. Rb7 R6c7 33. Rxc7 Rxc7 34. Rd1 h5 35. Rd2 Kh7 36. f3 Kg6 37. g4 hxg4 38. fxg4 Rc5 39. Re2 Rd5 40. Kf3 Rd3+ 41. Kf4 a5 42. b3 a4 43. Re3 Rd2 44. bxa4 Rxa2 45. Re4 Rf2+ 46. Ke3 Rh2 47. Kd4 Rxh4 48. Kc5 f5 49. gxf5+ 1-0